Statistics for Something Lyrics - The Beatles

Click here to take the quiz!

General Stats

  • This quiz has been taken 419 times
  • The average score is 114 of 127

Answer Stats

Lyrics% Correct
I
100%
Something
100%
the
100%
way
100%
in
99%
she
99%
love
98%
me
98%
moves
98%
no
98%
do
97%
don't
97%
know,
95%
know
95%
other
95%
like
94%
to
94%
lover
93%
her
92%
now
92%
want
92%
leave
91%
You
90%
how
88%
Attracts
87%
believe
85%
show
82%
and
78%
And
78%
That
78%
that
78%
need
77%
my
76%
shows
76%
it
75%
smile
75%
knows
74%
asking
73%
grow
72%
You're
72%
woos
70%
of
69%
will
69%
is
68%
all
67%
around
67%
think
67%
have
66%
may
66%
stick
64%
Somewhere
60%
style
50%
things
39%

Score Distribution

Percentile by Number Answered

Percent of People with Each Score

Your Score History

You have not taken this quiz